000 01280nab a22002297a 4500
999 _c6028
_d6028
003 OSt
005 20260116202510.0
008 190605e xxu||||| |||| 00| 0 spa d
040 _cPJ
100 _aGambacorta, Mario L.
_95137
245 1 0 _aUna desregulación paradojal que afecta la libertad sindical, limitando la autonomía sindical y facilitando una mayor injerencia de la autoridad estatal /
_cMario L. Gambacorta.
260 _aCiudad Autónoma de Buenos Aires :
_bThomson Reuters La Ley,
_c2025.
300 _ap. 13-20
500 _aCita Online: Cita: TR LALEY AR/DOC/2157/2025.
505 _aSumario: I. A modo de presentación.— II. Los considerandos que ¿fundamentan? el decreto.— III. La modificación del art. 56, inc. 4 de la ley 23.551.— IV. La sustitución del art. 15 del dec. 467/88.— V. Consideraciones finales.— VI. Referencias bibliográficas.
505 _t¿Te interesa el texto completo? Solicitalo al correo: koha@justierradelfuego.gov.ar
650 0 _94583
_aDERECHOS SINDICALES
650 0 _91367
_aASOCIACIONES SINDICALES
650 0 _91461
_aLIBERTAD SINDICAL
773 0 _02711
_93168
_dCiudad Autónoma de Buenos Aires : Thomson Reuters La Ley, 1999-2002.
_tRevista de derecho del trabajo. Nº 5 - Septiembre 2025
942 _2udc
_cANA